Estudio detallado de suelos del centro de desarrollo integrado Las Gaviotas (comisaría del Vichada) / (Registro nro. 485)

Detalles MARC
000 -CABECERA
Campo de control 01112cam a2200253 a 4500
005 - FECHA Y HORA DE LA ULTIMA TRANSACCION
Campo de control 20160419094828.0
008 - ELEMENTOS DE LONGITUD FIJA—INFORMACION GENERAL
Campo de control 890622s1974 ck abd r|||| 000 0 spa d
040 ## - FUENTE DE CATALOGACIÓN
Agencia catalogadora original la
Agencia transcriptora la
Agencia Modificadora CO-BoIAVH
041 0# - IDIOMA
Código de idioma para texto/pista de sonido o título separado Español
044 ## - PAÍS DE PUBLICACIÓN
País de publicación Colombia
082 04 - NUMERO DE CLASIFICACION DECIMAL DEWEY
Número de clasificación 631.44
Número del ítem I59e1
110 2# - ASIENTO PRINCIPAL--NOMBRE CORPORATIVO
Nombre corporativo o de jurisdicción como elemento de entrada Instituto Geográico Agustín Codazzi
Lugar de la reunión (Bogotá).
Unidad subordinad , Departamento Agrológico.
9 (RLIN) 65850
245 10 - MENCION DE TITULO
Título Estudio detallado de suelos del centro de desarrollo integrado Las Gaviotas (comisaría del Vichada) /
Mención de responsabilidad IGAC. Depto. Agrológico.
260 ## - PUBLICACION, DISTRIBUCION, ETC. (PIE DE IMPRENTA)
Lugar de publicación, distribución, etc. Bogotá :
Nombre del editor, distribuidor, etc. IGAC,
Fecha de publicación, distribución, etc. 1974.
300 ## - DESCRIPCION FISICA
Extensión xvii, 283 páginas :
Otros detalles físicos ilustraciones, mapas color ;
Dimensiones 27 x 21 centímetros +
Material acompañante 1 mapa
500 ## - NOTA GENERAL
Nota general Volúmen X, no.3.
504 ## - NOTA DE BIBLIOGRAFIA, ETC.
Nota de bibliografía Incluye referencias bibliográficas.
505 2# - NOTA DE CONTENIDO
Nota de contenido Mapa del estudio detallado de suelos del centro de desarrollo integrado "Las gaviotas".
505 2# - NOTA DE CONTENIDO
Nota de contenido Tablas interpretativas del estudio de suelos.
650 24 - ASIENTO SECUNDARIO DE MATERIA - TERMINO TEMATICO
Término temático o nombre geográfico como elemento de entrada Suelos
Subdivisión de forma Clasificación.
9 (RLIN) 65851
650 14 - ASIENTO SECUNDARIO DE MATERIA - TERMINO TEMATICO
Término temático o nombre geográfico como elemento de entrada Suelos
Subdivisión geográfica Las Gaviotas Vichada Colombia
Subdivisión general Clasificación.
9 (RLIN) 65852
650 24 - ASIENTO SECUNDARIO DE MATERIA - TERMINO TEMATICO
Término temático o nombre geográfico como elemento de entrada Suelos
Subdivisión geográfica Vichada (Colombia)
Subdivisión general Clasificación.
9 (RLIN) 65853
942 ## - ELEMENTOS ADICIONALES (KOHA)
Sistema de clasificación Dewey Decimal Classification
Tipo de ítem Libro
Existencias
Withdrawn status Lost status Sistema de Clasificación Damaged status No para préstamo Colección Inventariado Ubicación Permanente Ubicación actual Fecha de adquisición Fuente de Valor Valor Total Checkouts Número topográfico Inventario / Código de Barras Date last seen Date checked out Ejemplar Price effective from Tipo de material Public note
    Dewey Decimal Classification     General Inventariado 2017 Bogotá Bogotá 01/07/1998 Instituto 30000.00 1 LB-631.44 I59e1 000699 11/02/2020 11/02/2020 Ej. 1 04/12/2012 Libro Incluye mapa plegable (CID-035242).